|
|
|
|
| LEADER |
00000nam0a2200000 4500 |
| 001 |
153975 |
| 005 |
20231101221730.0 |
| 010 |
|
|
|a 5750807002
|
| 029 |
1 |
0 |
|a RU
|b 2.1.8/2.2.4.2262-07
|c ГН
|
| 035 |
|
|
|a (RuTPU)RU\TPU\book\167025
|
| 090 |
|
|
|a 153975
|
| 100 |
|
|
|a 20090219d2008 k a0rusy50 ca
|
| 101 |
0 |
|
|a rus
|
| 102 |
|
|
|a RU
|
| 105 |
|
|
|a y l 000zy
|
| 122 |
2 |
|
|a d2007121020
|a d2007121020
|
| 200 |
1 |
|
|a Предельно допустимые уровни магнитных полей частотой 50 Гц в помещениях жилых, общественных зданий и на селитебных территориях
|e гигиенические нормативы ГН 2.1.8/2.2.4.2262-07
|f Российская Федерация, Федеральная служба по надзору в сфере защиты прав потребителей и благополучия человека (Роспотребнадзор)
|
| 205 |
|
|
|a официальное изд.
|
| 210 |
|
|
|a Москва
|c Федеральный центр гигиены и эпидемиологии Роспотребнадзора
|d 2008
|
| 215 |
|
|
|a 8 с.
|
| 225 |
1 |
|
|a 2.1.8. Физические факторы окружающей природной среды
|
| 225 |
1 |
|
|a 2.2.4. Физические факторы производственной среды
|
| 300 |
|
|
|a Введены впервые в действие с 10.11.2007 г.
|
| 606 |
1 |
|
|a Электромагнитные излучения
|x воздействие на человека
|2 stltpush
|3 (RuTPU)RU\TPU\subj\67626
|9 83347
|
| 610 |
1 |
|
|a магнитные поля
|
| 610 |
1 |
|
|a жилые помещения
|
| 610 |
1 |
|
|a общественные здания
|
| 610 |
1 |
|
|a селитебные территории
|
| 610 |
1 |
|
|a предельно допустимые уровни
|
| 610 |
1 |
|
|a гигиенические нормативы
|
| 610 |
1 |
|
|a ГН 2.1.8/2.2.4.2262-07
|
| 675 |
|
|
|a 613.64
|v 3
|
| 712 |
0 |
1 |
|a Российская Федерация
|b Федеральная служба по надзору в сфере защиты прав потребителей и благополучия человека (Роспотребнадзор)
|c (2004- )
|2 stltpush
|3 (RuTPU)RU\TPU\col\10834
|
| 801 |
|
1 |
|a RU
|b 63413507
|c 20090219
|g PSBO
|
| 801 |
|
2 |
|a RU
|b 63413507
|c 20221208
|g PSBO
|
| 942 |
|
|
|c BK
|